| 000 | 01121nam a22003137a 4500 | ||
|---|---|---|---|
| 001 | 696 | ||
| 005 | 20241016135958.0 | ||
| 020 | _a9780765316363 (hardcover : alk. paper) | ||
| 020 | _a9780765325099 (trade pbk. : alk. paper) | ||
| 040 |
_aDLC _cDLC _dDLC _beng |
||
| 050 | 0 | 0 |
_aPZ7.L96775 _bGoo 2010 |
| 082 | 0 | 0 |
_a[Fic] _222 |
| 100 | 1 | _aLubar, David. | |
| 245 | 1 | 0 |
_aGoop soup / _cDavid Lubar. |
| 250 | _a1st ed. | ||
| 260 |
_aNew York : _bTom Doherty Associates, _c2010. |
||
| 300 |
_a176 pages ; _c21 cm. |
||
| 490 | 0 |
_aNathan Abercrombe, accidental zombie ; _vBook 3 |
|
| 500 | _a"A Starscape Book"--T.p. verso. | ||
| 505 | _aK | ||
| 520 | _aNathan's career as a half-dead zombie spy may be over just as his training has begun when he and friends Abigail and Mookie enter East Craven's sewers to investigate the greasy green goop dripping from every faucet in town. | ||
| 521 |
_a520
_bLexile |
||
| 521 |
_aK
_bRaz-Plus |
||
| 650 | 1 |
_aZombies _vFiction. |
|
| 650 | 1 |
_aSpies _vFiction. |
|
| 650 | 1 |
_aSewerage _vFiction. |
|
| 906 |
_a7 _bcbc _corignew _d1 _eecip _f20 _gy-gencatlg |
||
| 942 |
_2ddc _cBK _n0 |
||
| 999 |
_c696 _d696 |
||